MARC

LEADER 00000nam0a2200000 4500
001 15051
005 20231101205005.0
010 |a 5060035646 
035 |a (RuTPU)RU\TPU\book\15153 
035 |a BOOK00015223 
090 |a 15051 
100 |a 20011209d2000 m y0rusy50 ca 
101 0 |a rus 
102 |a RU 
105 |a y j 000zy 
200 1 |a Краткий курс химии  |f Н. Е. Кузьменко, В. В. Еремин, В. А. Попков 
210 |a Москва  |c Высшая школа  |d 2000 
215 |a 415 с. 
225 1 |a Для поступающих в вузы 
606 1 |a Химия  |2 stltpush  |3 (RuTPU)RU\TPU\subj\17362  |9 43035 
610 1 |a неорганическая химия 
610 1 |a теоретическая химия 
610 1 |a органическая химия 
610 1 |a учебные пособия 
675 |a 54(075.4)  |v 3 
700 1 |a Кузьменко  |b Н. Е.  |g Николай Егорович 
701 1 |a Еремин  |b В. В.  |g Вадим Владимирович 
701 1 |a Попков  |b В. А.  |g Владимир Андреевич 
801 0 |a RU  |b 63413507  |c 20011209  |g PSBO 
801 2 |a RU  |b 63413507  |c 20020516  |g PSBO 
801 2 |a RU  |b 63413507  |c 20140203  |g PSBO 
942 |c BK